000 00330nam a2200145Ia 4500
005 20251222140107.0
008 251222s1900||||xx |||||||||||||| ||spa||
020 _a9788495269546
082 _a223.6/S29/T.I
100 _aSchökel, Luis Alonso
245 0 _aSalmos
250 _a1ra. ed.
264 _bVerbo Divino
942 _cLIB
999 _c4154
_d4154